[Event "11th Mumbai Mayors Cup 2018"]
[Site "Mumbai"]
[Date "2018.06.05"]
[Round "4"]
[White "Sandipan, Chanda"]
[Black "Neelash Saha"]
[Result "1/2-1/2"]
[WhiteElo "2571"]
[BlackElo "2333"]
[Annotator "TA"]
[PlyCount "121"]
[EventDate "2018.??.??"]
[EventType "swiss"]
[EventCountry "IND"]
[SourceTitle "playchess.com"]
[Source "ChessBase"]
[SourceQuality "1"]

{[%evp 26,121,32,29,22,29,39,47,108,108,136,21,34,22,68,68,62,84,70,64,62,51,106,110,110,117,119,37,89,0,0,0,0,0,0,-27,24,16,28,32,68,60,61,50,59,25,32,0,0,0,70,88,112,51,47,47,97,80,80,0,0,0,0,0,0,0,0,0,0,0,0,0,0,0,0,0,0,0,0,0,0,0,0,0,0,0,0,0,0,0,0,0,0,0,0,0,0,0]} 1. d4 Nf6 2. c4 e6 3. Nc3 d5 4. cxd5 exd5 5. Bg5 Nbd7 6. e3 c6 7. Bd3 Be7 8. Nge2 Nh5 9. Bxe7 Qxe7 10. g4 Nhf6 11. Ng3 g6 {D35: Damengambit (Abtauschvariante)} (11... Nb6 12. g5 Ng8 13. h4 Be6 14. Nh5 g6 15. Ng7+ Kd7 16. Nxe6 Qxe6 17. a4 a5 18. h5 Ne7 19. Qf3 {0-1 (49) Wojtaszek,R (2745)-Onischuk,A (2682) Tbilisi 2017}) 12. Qf3 Nb6 13. g5 Ng8 14. h4 {LiveBook: 3 Partien} h6 $146 ({Vorgänger:} 14... Be6 15. O-O-O O-O-O 16. Qf4 Rf8 17. Nge2 f6 18. Qg3 Qd7 19. Nf4 {½-½ (33) Brodsky,M (2566)-Kim,A (2428) St Petersburg 2006}) 15. O-O-O Be6 16. h5 O-O-O (16... Qxg5 $14 17. hxg6 fxg6) 17. hxg6 $16 fxg6 {[#]} 18. Rdg1 (18. Nge2 $1 $16) 18... Rf8 $11 19. Qe2 Qxg5 20. Nh5 Qd8 21. Nf4 Bf7 22. Nxg6 Bxg6 23. Rxg6 Rf6 (23... Kb8 $14) 24. Qg4+ $16 Nd7 25. Rg7 Ne7 {[#]} 26. Kb1 (26. Ne2 $1 $16) 26... Rg8 (26... Rxf2 $14 27. e4 Rg8) 27. Rc1 (27. Ne2 $16) 27... Rxg7 $11 28. Qxg7 Qf8 $1 {[%cal Rf8g7]} 29. Qg3 {Droht stark Sb5.} Rf3 30. Qh4 Qf6 (30... Rxf2 $142 31. Nb5 a6 32. Nd6+ Kb8) 31. Qh5 $40 {[%mdl 128] Weiss droht De8+ und Matt. Schwarz muss sich nun genau verteidigen.} Kd8 32. Nd1 Nf8 33. Qh2 {Db8+ ist eine echte Drohung.} Nd7 34. Ka1 Qe6 35. Nc3 {[%cal Bd1c3,Bc3e2,Be2f4][%mdl 32]} Qh3 36. Qg1 Qh4 37. Rf1 Rf7 (37... Nf6 $11) 38. Ne2 $14 Nf5 39. Bxf5 (39. Qg8+ $16 Rf8 40. Qg2) 39... Rxf5 40. Nf4 Qf6 41. Qg8+ Nf8 42. Rg1 (42. Qg3 $16) 42... Rg5 $11 {Die Stellung ist ausgeglichen.} 43. Rxg5 hxg5 44. Nh3 Qf3 {[%cal Rf3d1]} 45. a3 Qxh3 46. Qxf8+ {[%mdl 4096] Endspiel KD-KD} Kc7 47. Qe7+ Kc8 48. Qf8+ Kc7 49. Ka2 Qf1 50. a4 Qd1 51. Qe7+ Kc8 52. Qf8+ Kc7 53. Qb4 g4 54. Qa5+ Kc8 55. Qxa7 Qc2 56. Qa8+ Kc7 57. Qa5+ Kc8 58. Qe1 Qxa4+ 59. Kb1 Qc4 60. Qd1 Kb8 61. Qxg4 {Precision: Weiß = 56%, Schwarz = 53%.} 1/2-1/2

[Event "11th Mumbai Mayors Cup 2018"]
[Site "Mumbai"]
[Date "2018.06.05"]
[Round "4"]
[White "Tukhaev, Adam"]
[Black "Pranav Vijay"]
[Result "1-0"]
[WhiteElo "2557"]
[BlackElo "2265"]
[Annotator "TA"]
[PlyCount "72"]
[EventDate "2018.??.??"]
[EventType "swiss"]
[EventCountry "IND"]
[SourceTitle "playchess.com"]
[Source "ChessBase"]
[SourceQuality "1"]

{[%evp 20,72,27,24,44,56,68,44,64,31,80,85,93,56,82,83,106,68,60,60,51,72,75,61,94,82,104,117,226,220,229,237,248,248,242,241,294,277,284,293,348,348,348,355,355,354,358,355,381,373,396,375,366,356,366]} 1. e4 e5 2. Nf3 Nc6 3. Bb5 a6 4. Ba4 d6 5. O-O Bd7 6. c3 g6 7. d4 Bg7 8. Re1 Nf6 9. h3 O-O 10. Nbd2 {[%cal Bb1d2,Bd2f1,Bf1g3][%mdl 32]} b5 {C60: Spanische Partie} (10... h6 11. Nf1 Re8 12. Ng3 b5 13. Bc2 exd4 14. cxd4 Nb4 15. Bb1 c5 16. d5 a5 17. a3 Na6 18. Bf4 {1-0 (57) Ivanchuk,V (2726)-Mamedyarov,S (2799) Huaian 2017}) 11. Bc2 {LiveBook: 12 Partien} Qe7 12. Nf1 Rfe8 {Weiß steht etwas besser.} 13. Ng3 Qf8 $146 ({Vorgänger:} 13... Na5 14. b3 c5 15. d5 Rec8 16. Rf1 c4 17. b4 Nb7 18. Be3 a5 {½-½ (30) Lavrentyev,Y (2295)-Demakov,V (2402) ICCF email 2009}) 14. a4 Bh6 15. Ng5 Red8 16. f4 Bg7 17. Rf1 h6 18. Nf3 {[%cal Rf4e5]} (18. Bb3 {keeps more tension.} Be8 19. f5 bxa4 20. Rxa4 Ne7 21. fxg6 Nxg6 22. Ra3) 18... exd4 19. axb5 axb5 20. Rxa8 Rxa8 21. cxd4 Nb4 22. Bb1 Rd8 23. Bd2 d5 (23... c5 $16 {kämpft weiter.}) 24. Qb3 Nc6 25. e5 ({Nicht} 25. exd5 Ne7 $14) 25... Ne4 26. Nxe4 dxe4 27. Bxe4 Ne7 28. Bb4 {[#] Droht stark Da3.} Qe8 29. d5 {[%cal Bd4d5,Bd5d6][%mdl 32]} c6 30. d6 Be6 31. Qc2 Nd5 {Weiß steht auf Gewinn.} 32. Bd2 Qd7 33. Ra1 f5 34. Bd3 Nb6 35. b3 Bd5 36. Be3 Nc8 {Precision: Weiß = 72%, Schwarz = 28%.} 1-0

[Event "11th Mumbai Mayors Cup 2018"]
[Site "Mumbai"]
[Date "2018.06.05"]
[Round "4"]
[White "Erigaisi Arjun"]
[Black "Phadke Sohan"]
[Result "1-0"]
[WhiteElo "2505"]
[BlackElo "2222"]
[Annotator "TA"]
[PlyCount "49"]
[EventDate "2018.??.??"]
[EventType "swiss"]
[EventCountry "IND"]
[SourceTitle "playchess.com"]
[Source "ChessBase"]
[SourceQuality "1"]

{[%evp 10,49,46,43,62,50,91,83,72,57,68,38,54,34,27,31,53,-29,-22,-12,57,53,143,135,145,133,141,141,147,139,147,145,615,487,485,479,460,320,441,445,416,415]} 1. d4 f5 2. Bg5 h6 3. Bh4 g5 4. e3 Nf6 5. Bg3 d6 6. Nc3 {LiveBook: 36 Games} Nc6 {A80: Dutch Defence: Unusual White second moves} (6... e6 7. h4 Rg8 8. hxg5 hxg5 9. f3 Qe7 10. Qd2 Nc6 11. O-O-O Bd7 12. e4 f4 13. Bf2 a6 14. g3 fxg3 15. Bxg3 {0-1 (82) Bluebaum,M (2588)-Vallejo Pons,F (2684) Berlin 2015}) 7. h4 {aiming for hxg5.} Rg8 8. hxg5 hxg5 {White is better.} 9. d5 Ne5 10. Bb5+ $146 ({Predecessor:} 10. Nf3 Nxf3+ 11. Qxf3 e5 12. dxe6 Bxe6 13. Qxb7 Rb8 14. Qxa7 Rxb2 {1-0 (44) Blasko,I (2383)-Della Morte,P (2147) Oropesa del Mar 2000}) 10... Bd7 $1 11. Nge2 Bxb5 12. Nxb5 {And now Ned4 would win.} Qd7 13. Nbd4 (13. Ned4 $14) 13... Nxd5 $11 14. Nxf5 Nf6 ({Black should play} 14... e6 $11) 15. Bxe5 $14 Qxf5 ({Black should try} 15... dxe5 $14 16. Qxd7+ Kxd7) 16. Bxf6 $1 $16 Qxf6 {[#]} 17. Qd5 $1 $36 {[%csl LRb7,LRg8][%cal Rd5g8][%mdl 2048] White is really pushing.} Qxb2 18. O-O Rh8 {[#]} 19. Nd4 $1 {Rab1 is the strong threat.} ({Don't play} 19. Qxg5 $6 Qxc2 20. Qb5+ Qc6 $11) 19... c6 20. Qxg5 O-O-O $2 {[%mdl 8192]} (20... Qc3 $16) 21. Qf5+ Rd7 22. Rab1 Qxa2 23. Rb3 {Hoping for Rfb1.} ({Stronger than} 23. Rxb7 e6 $11) 23... c5 24. Rfb1 b6 25. Qd5 {Precision: White = 64%, Black = 43%.} 1-0

[Event "11th Mumbai Mayors Cup 2018"]
[Site "Mumbai"]
[Date "2018.06.05"]
[Round "4"]
[White "Neverov, Valeriy"]
[Black "Parthasarathy, R."]
[Result "1/2-1/2"]
[WhiteElo "2492"]
[BlackElo "1916"]
[Annotator "TA"]
[PlyCount "112"]
[EventDate "2018.??.??"]
[EventType "swiss"]
[EventCountry "IND"]
[SourceTitle "playchess.com"]
[Source "ChessBase"]
[SourceQuality "1"]

{[%evp 16,112,39,16,69,37,39,27,24,27,35,16,12,12,20,13,20,12,42,29,29,10,10,10,12,7,22,25,35,8,14,0,39,34,42,42,44,41,60,55,97,106,112,128,160,119,258,266,224,216,262,266,225,231,359,165,491,196,193,182,607,552,590,360,533,209,490,448,674,681,585,516,456,68,59,13,13,8,8,8,16,0,0,0,0,0,0,0,0,0,0,0,0,0,0,0,0,0,0]} 1. d4 d6 2. e4 Nf6 3. Nc3 e5 4. dxe5 dxe5 5. Qxd8+ Kxd8 6. Nf3 {[%cal Bg1f3,Bf3g5,Bg5h3,Bh3f2,Bf2d3][%mdl 32]} Bd6 7. Bc4 Ke8 8. Be3 {B07: Pirc Defence: Miscellaneous Systems} a6 9. a4 {LiveBook: 7 Games} (9. a3 h6 10. h3 Ke7 11. O-O-O Be6 12. Nd2 Nbd7 13. Bxe6 Kxe6 14. Nc4 Rac8 15. f3 Bc5 16. Bxc5 Nxc5 {½-½ (41) Salgado Lopez,I (2627)-Jobava,B (2687) Tbilisi 2017}) 9... b6 (9... Nc6 $11) 10. Ng5 {White is slightly better.} Rf8 11. Nd5 Nbd7 12. f3 h6 13. Nh3 Nxd5 $146 ({Predecessor:} 13... Bb7 14. Nc3 Ke7 15. Nf2 c6 {1-0 (61) Kosteniuk,A (2552)-Ponomarev,D (2417) St Petersburg 2017}) 14. Bxd5 Rb8 15. Nf2 Ke7 16. Nd3 Nf6 17. Ba2 a5 18. c3 Ba6 19. O-O-O Nd7 20. Kc2 Bxd3+ 21. Rxd3 f6 22. Bb3 Nc5 23. Rd2 Ne6 24. Rhd1 $36 {[%mdl 2048] White has good play.} Rfd8 25. Bxe6 Kxe6 26. b4 {[%cal Bb2b4,Bb4b5][%mdl 32]} Ra8 27. Kb3 Rdb8 28. b5 $1 Rd8 29. c4 Be7 {[#]} 30. c5 $1 {[%mdl 512]} bxc5 (30... Rxd2 $16 {was worth a try.} 31. Rxd2 bxc5) 31. Rxd8 $18 Bxd8 32. Bxc5 $16 {[%mdl 4096] Endgame KRB-KRB} Be7 33. Kc4 $1 Rb8 34. Rd5 Bd6 {[#]} (34... Rb7 {was necessary.} 35. g3 Bd6) 35. g4 (35. b6 $142 $1 {[%mdl 512]}) 35... Ke7 $2 {[#]} (35... Kd7 {is more resistant.} 36. h4 Rc8) 36. h4 $2 (36. b6 $1 {[%mdl 512] aiming for bxc7.} Bxc5 (36... cxb6 37. Bxd6+) 37. bxc7) 36... Bxc5 $18 37. Rxc5 {KR-KR} Kd6 $2 (37... Kd7 38. Rc6 h5) 38. Rc6+ Kd7 39. Ra6 h5 (39... Kc8 $142 40. g5 (40. Rxa5 Kb7 $16) 40... hxg5 41. hxg5 fxg5 42. Rxa5 Kb7) 40. Rxa5 $2 (40. gxh5 Rh8 41. Kc5 (41. Rxa5 Rxh5 42. Ra8 Rxh4 $18)) 40... Rh8 $2 (40... g5) 41. Ra7 Kd6 (41... g5 $142 42. hxg5 h4) 42. gxh5 Rxh5 43. a5 Rxh4 44. a6 $2 (44. Ra6+ $18 Kd7 45. Ra8) 44... Rh1 $1 $14 45. Ra8 Rc1+ {The position is equal.} 46. Kb4 Rb1+ $1 47. Kc3 Kc5 48. Rb8 Ra1 49. Rb7 c6 50. a7 cxb5 51. Rxg7 Kb6 52. Rf7 Rxa7 53. Rxf6+ Kc5 54. Rf5 Ra3+ 55. Kb2 Kb4 56. Rxe5 Rxf3 {Precision: White = 44%, Black = 39%.} 1/2-1/2

[Event "11th Mumbai Mayors Cup 2018"]
[Site "Mumbai"]
[Date "2018.06.05"]
[Round "4"]
[White "Harsha Bharathakoti"]
[Black "Bharath Subramaniyam H"]
[Result "1-0"]
[WhiteElo "2471"]
[BlackElo "2196"]
[Annotator "TA"]
[PlyCount "163"]
[EventDate "2018.??.??"]
[EventType "swiss"]
[EventCountry "IND"]
[SourceTitle "playchess.com"]
[Source "ChessBase"]
[SourceQuality "1"]

{[%evp 14,162,76,70,67,71,64,64,59,56,76,84,106,64,59,62,70,64,95,97,91,13,24,11,11,8,11,-17,35,26,29,26,26,26,130,84,86,78,79,72,72,76,78,74,78,78,78,55,61,-67,-66,-47,-47,-47,56,40,83,62,123,125,133,128,142,96,96,89,73,73,83,64,118,127,127,129,129,129,128,127,129,63,245,241,211,198,211,70,70,70,127,127,134,134,141,101,255,247,230,235,472,470,519,491,481,428,4692,5689,5915,5409,5189,1802,6376,6381,6371,6508,5976,5338,5931,5594,5691,5412,5302,5518,5740,5589,29972,8033,12799,7970,29977,29978,29989,29990,29990,29988,29988,29989,29989,29990,29990,29991,29991,29992,29992,29993,29994,29994,29997,29998,29998,29999,29999]} 1. c4 Nf6 2. Nf3 c5 3. Nc3 e6 4. e3 b6 5. d4 cxd4 6. exd4 Bb7 7. a3 Be7 {E12: Queen's Indian: Unusual White 4th moves, 4 a3, 4 Nc3 Bb7 5 a3 and 4 Nc3 Bb7} (7... d5 8. cxd5 Nxd5 9. Ne5 Nxc3 10. bxc3 Bd6 11. Bb5+ Kf8 12. O-O a6 13. Be2 Nd7 14. f4 Rc8 15. c4 Nf6 16. Bb2 h5 {0-1 (39) Grigoriants,S (2564)-Moskalenko,A (2490) Moscow 2016}) 8. d5 $1 {LiveBook: 5 Games} d6 9. dxe6 fxe6 {White is better.} 10. Bd3 $1 Nc6 $146 ({Predecessor:} 10... O-O 11. Qe2 e5 12. O-O Na6 13. b4 Nc7 14. Bb2 Ne6 15. g3 {0-1 (40) Deniau,P (1824)-Venard,P (2027) Rennes 2014}) 11. O-O Qd7 12. Re1 O-O 13. Qe2 Ne5 14. Nxe5 dxe5 15. Be3 Qc6 {[%csl Gb7][%cal Rc6g2]} 16. f3 Rad8 17. Ne4 (17. b4 $16) 17... Qc7 $11 18. Qc2 Bxe4 19. Bxe4 Bc5 20. b4 Bxe3+ (20... Nxe4 $11 21. fxe4 Bd4) 21. Rxe3 $14 Rd4 22. Rc1 Rfd8 23. c5 b5 (23... bxc5 $11 24. bxc5 (24. Qxc5 Rd1+ 25. Re1 Qxc5+ 26. bxc5 Rxc1 $11) 24... Rd2) 24. Rce1 a5 25. Qb3 Nd5 26. Bxd5 R8xd5 27. h3 h6 28. Re4 Rd3 29. Qb2 {[%cal Re4e5]} Rd2 30. Qa1 {[%cal Re4e5]} Qf7 31. Rxe5 (31. R4e2 $14) 31... Qg6 $15 {[%csl Gd2][%cal Rg6g2]} 32. R5e2 {Qc1 is the strong threat.} Qc2 $1 33. Kf2 $1 Qc4 (33... a4 $15) 34. Qb1 $36 {[%mdl 2048] White is pushing.} Qd4+ 35. Kf1 {Threatens to win with Rxd2.} Rxe2 ({Black should try} 35... Qc4 $14 36. Qe4 R5d4) 36. Rxe2 $16 axb4 37. axb4 $14 {[%mdl 4096] Endgame KQR-KQR} Qc4 38. Qe4 Rd4 39. Qxe6+ (39. Qe3 {is interesting.} Kh7 40. Qxe6 Qxe6 41. Rxe6 Rxb4 42. Rb6) 39... Qxe6 40. Rxe6 {Black must now prevent Re4.} Rxb4 $16 {KR-KR} 41. Re4 Rb2 ({Black should play} 41... Rb3 $1 $14) 42. Re2 Rb1+ 43. Re1 $1 {[%cal Re1b1]} Rb3 44. Rc1 {aiming for c6.} Ra3 45. Ke2 {Strongly threatening c6.} Kf7 46. Rb1 (46. c6 $16 Ra8 47. Kd3) 46... Ra5 $2 ({Better is} 46... Ra2+ $1 $14 47. Kf1 Ra5) 47. Kd3 $1 $18 Ke6 48. Kc3 $1 Ra2 49. Rd1 ({Weaker is} 49. Rxb5 Rxg2 50. Kd4 Rd2+ 51. Ke3 Rg2 $14) ({White has to play} 49. Kb4 $1 $18) 49... Ra4 $1 $14 50. Rd4 Ra3+ (50... h5 $14) 51. Kb2 $16 Ra4 {[#]} 52. Rd6+ $1 Ke5 53. Rg6 Rc4 $2 (53... Kd4 $16) 54. Rxg7 $18 Rxc5 55. Rg6 Kf4 $2 (55... Rd5 56. Kc3 (56. Rxh6 Rd2+ 57. Kb3 Rxg2 $11) 56... Rc5+ 57. Kb3 Rc1 58. Rxh6 Kd4 59. Rd6+ Kc5) 56. Rxh6 Rg5 57. Rh4+ Ke3 58. Rg4 Rf5 (58... Rc5 $142 59. h4 Rd5) 59. Kb3 Kf2 60. h4 Ke3 {[#]} 61. Kb4 (61. f4 $142 $1 Rf7 (61... Rxf4 62. Rxf4) 62. g3) 61... Rh5 62. f4 Ke4 63. g3 {[%cal Bg2g3,Bg3g4,Bg4g5][%mdl 32]} Rd5 64. Rg5 {Rxd5 would kill now.} Rd6 65. h5 Rh6 66. f5 Ke5 67. g4 Rh7 68. Rg6 Rb7 69. h6 (69. f6 $142 Rd7 70. g5 Rh7 71. Rg8 Rd7 72. Rf8 Rd4+ 73. Kxb5 Ke6 74. Re8+ Kd6 75. Rd8+ Ke6 76. Rxd4) 69... Rh7 70. f6 Ke6 71. g5 {White mates.} Kf7 72. Rg7+ Rxg7 73. hxg7 {KP-KP} Kg8 74. Kxb5 Kh7 75. Kc6 Kg8 76. Kd7 Kf7 {[#]} 77. g8=Q+ $1 Kxg8 78. Ke7 Kh8 79. f7 Kh7 80. Kf6 Kh8 81. f8=Q+ Kh7 82. Qg7# {Precision: White = 71%, Black = 36%.} 1-0

[Event "11th Mumbai Mayors Cup 2018"]
[Site "Mumbai"]
[Date "2018.06.05"]
[Round "4"]
[White "Neelotpal, Das"]
[Black "Panesar Vedant"]
[Result "1/2-1/2"]
[WhiteElo "2447"]
[BlackElo "2052"]
[Annotator "TA"]
[PlyCount "59"]
[EventDate "2018.??.??"]
[EventType "swiss"]
[EventCountry "IND"]
[SourceTitle "playchess.com"]
[Source "ChessBase"]
[SourceQuality "1"]

{[%evp 15,59,8,15,0,9,0,0,0,0,-8,0,0,0,0,2,0,0,0,31,6,33,14,39,3,3,0,0,0,0,0,0,0,12,0,0,0,0,0,0,0,0,0,9,0,0,0]} 1. Nf3 Nf6 2. g3 d5 3. Bg2 e6 4. c4 Be7 5. b3 O-O 6. Bb2 c5 {A13: Reti-Eröffnung} 7. cxd5 Nxd5 8. Nc3 (8. O-O Nc6 9. d4 cxd4 10. Nxd4 Bd7 11. Nc3 Nxc3 12. Bxc3 Rc8 13. Nb5 Be8 14. Rc1 a6 15. Qxd8 Nxd8 16. Nd4 Ba3 17. Bb2 Rxc1 18. Bxc1 Bc5 19. Be3 Bxd4 20. Bxd4 {½-½ (32) Svidler,P (2765)-Yu,Y (2751) Riadh 2017}) 8... Bf6 {LiveBook: 6 Partien} 9. Qc1 Nxc3 10. Bxc3 Nc6 11. Bxf6 Qxf6 12. O-O b6 $146 ({Vorgänger:} 12... Qe7 13. Qc3 b6 {½-½ (69) Herstein,R (2080)-Bilinski,V Haifa 1976}) 13. Qc3 Ba6 14. Qxf6 gxf6 15. d3 Rac8 16. Rfc1 Nd4 17. Kf1 Rfd8 18. Ke1 Kf8 19. Rc3 Nb5 {Die Stellung ist ausgeglichen.} 20. Rcc1 Bb7 21. Nh4 Bxg2 22. Nxg2 Nd4 23. Rc4 Ke7 24. Rac1 a5 25. Ne3 h5 26. Nc2 {[#] Droht stark Sxd4.} Nf5 27. Ne3 Nd4 28. Nc2 {Und Sxd4 würde nun gewinnen.} Nf5 29. Ne3 Nd4 30. Nc2 {Precision: Weiß = 54%, Schwarz = 67%.} 1/2-1/2

[Event "11th Mumbai Mayors Cup 2018"]
[Site "Mumbai"]
[Date "2018.06.05"]
[Round "4"]
[White "Khusenkhojaev, Muhammad"]
[Black "Kiran, Manisha Mohanty"]
[Result "1/2-1/2"]
[WhiteElo "2445"]
[BlackElo "2043"]
[Annotator "TA"]
[PlyCount "97"]
[EventDate "2018.??.??"]
[EventType "swiss"]
[EventCountry "IND"]
[SourceTitle "playchess.com"]
[Source "ChessBase"]
[SourceQuality "1"]

{[%evp 19,97,24,42,9,11,11,12,-26,-27,-26,0,-45,-20,-27,-18,-45,-41,-39,-41,-48,-47,-54,-53,-25,-8,-13,-17,-20,0,-22,-26,-31,0,-6,0,0,0,0,0,0,0,0,0,0,0,0,0,0,0,0,0,0,0,0,27,28,15,0,0,0,0,0,0,0,0,0,0,0,0,0,0,0,0,0,0,0,0,0,0,0]} 1. Nf3 c5 2. g3 Nc6 3. d4 cxd4 4. Nxd4 g6 5. e4 Bg7 6. Ne2 {[%cal Bd4e2,Be2f4,Bf4d5][%mdl 32]} Nf6 7. Bg2 O-O 8. O-O d6 9. Nbc3 Bg4 10. h3 Be6 {LiveBook: 7 Partien. B70: Sizilianisch (Drachen-Variante)} (10... Bxe2 11. Nxe2 b5 12. c3 Rb8 13. Nd4 Ne5 14. f4 Nc4 15. Kh2 Qc7 16. a4 b4 17. b3 Na5 18. c4 a6 {½-½ (39) Movsesian,S (2732)-Bacrot,E (2705) Dresden 2008}) 11. Nf4 Bc4 {[%cal Be6c4,Bc4a6,Ba6b7,Bb7c6][%mdl 32]} 12. Re1 Rc8 13. Be3 Nd7 14. Bd2 $146 ({Vorgänger:} 14. Qd2 Ba6 15. Rab1 Nde5 16. b3 Nf3+ 17. Bxf3 Bxc3 18. Qxc3 {½-½ (89) Zatonskih,V (2307)-Filonenko,K Alushta 2005}) 14... Re8 15. Nfd5 Ba6 (15... Bxd5 $5 16. Nxd5 e6 $11) 16. a3 b6 17. Nb4 Bb7 18. Nxc6 Bxc6 19. Rb1 Qc7 20. Qe2 Bb7 21. Rec1 Ne5 22. Nd5 Qc4 23. Qd1 e6 24. Ne3 (24. b3 {feels hotter.} Qa6 25. Nb4 Qa5 26. Nc6 Qa6 27. Nb4) 24... Qc7 25. Bc3 Red8 26. Qe2 Nc4 27. Bxg7 Kxg7 28. c3 d5 29. Rd1 {[%cal Re4d5]} Nxe3 30. Qxe3 dxe4 31. Bxe4 Bxe4 32. Qxe4 Qc5 33. h4 Rd6 (33... a5 {looks sharper.} 34. Rd3 Qb5 35. Rd4 h5 36. Rbd1 Rc4) 34. Rxd6 Qxd6 $11 {[%mdl 4096] Endspiel KDT-KDT} 35. Rc1 Rc5 36. c4 f5 37. Qe2 Re5 38. Qd1 {Die Stellung ist ausgeglichen.} (38. Qc2 {is more complex.} Rc5 39. b4 Rc6 40. Qa4 Qc7 41. Qb5) 38... Qxd1+ 39. Rxd1 {KT-KT} b5 40. Rd7+ Kh6 41. b4 {[#] zielt auf c5 ab.} Re1+ 42. Kg2 bxc4 43. Rxa7 Ra1 44. Rc7 Rxa3 45. Rxc4 Rb3 46. f3 Kg7 47. g4 fxg4 48. fxg4 Kf6 49. Rf4+ {Precision: Weiß = 76%, Schwarz = 66%.} 1/2-1/2

[Event "11th Mumbai Mayors Cup 2018"]
[Site "Mumbai"]
[Date "2018.06.05"]
[Round "4"]
[White "Manik, Mikulas"]
[Black "Kravtsiv, Martyn"]
[Result "0-1"]
[WhiteElo "2399"]
[BlackElo "2662"]
[Annotator "TA"]
[PlyCount "105"]
[EventDate "2018.??.??"]
[EventType "swiss"]
[EventCountry "IND"]
[SourceTitle "playchess.com"]
[Source "ChessBase"]
[SourceQuality "1"]

{[%evp 24,105,34,0,10,12,17,0,0,0,1,0,0,0,0,0,0,0,0,0,0,0,0,0,0,-14,-3,-3,0,0,0,0,0,0,0,-14,-13,-24,0,-84,-33,-45,-50,-53,-42,-58,-38,-57,-56,-52,-33,-36,-38,-53,-43,-81,-76,-95,-85,-166,-158,-348,-350,-330,-341,-337,-341,-335,-291,-324,-322,-493,-454,-868,-848,-952,-768,-1453,-1343,-1623,-1485,-1629,-1725,-29976]} 1. e4 e5 2. Nf3 Nc6 3. Bb5 {[%cal Bf1b5,Bb5a4,Ba4b3][%mdl 32]} a6 4. Ba4 Nf6 5. O-O Be7 6. d3 b5 7. Bb3 d6 8. a3 O-O 9. Nc3 Na5 {C77: Spanische Partie (Anderssen-Variante)} (9... Bg4 10. Be3 Nd4 11. Bxd4 exd4 12. Nd5 c5 13. a4 Be6 14. Nxf6+ Bxf6 15. Bxe6 fxe6 16. Qe2 Qd7 17. b3 e5 18. Ra2 {½-½ (45) Karjakin,S (2763)-Ding,L (2769) Berlin 2018}) 10. Ba2 Be6 11. b4 Bxa2 12. Rxa2 Nc6 13. Nd5 {LiveBook: 3 Partien} a5 14. c4 axb4 {Droht stark ...bxc4.} 15. Nxf6+ Bxf6 16. cxb5 Na7 17. axb4 {Mit der Idee Ta5.} Nxb5 {[#]} 18. Ra5 $146 Rb8 19. Bd2 Qd7 20. Qc2 Rfd8 21. Rc1 d5 22. h3 h6 23. Be3 Qe6 24. Qc6 Qxc6 25. Rxc6 dxe4 26. dxe4 Be7 27. Bc5 Rd1+ 28. Kh2 Bd6 29. Bxd6 cxd6 30. Ra2 Kf8 31. g3 (31. Nd2 $11) 31... Ke7 (31... Rd3 $17 32. Nh4 g6) 32. Kg2 Kd7 33. Rc4 Rb7 34. Ra8 Nc7 35. Rf8 Ke7 36. Rh8 Ne6 37. Nh4 $1 Nd4 38. Rg8 Kf6 39. Rd8 {[#]} Ne6 $1 $36 {[%cal Re6d8][%mdl 2048] Läuft bei Schwarz.} 40. Re8 Rd4 41. Rc3 (41. Rec8 $17) 41... g6 42. Rg8 $2 (42. Nf3 $17 Rxe4 43. Rc6) 42... Rxe4 $19 ({Nicht} 42... Rbxb4 43. Rf3+ Ke7 44. Ra8 $19) ({Viel schwächer ist} 42... Rdxb4 43. Rf3+ Ke7 44. Re3 $19) 43. Rf3+ Ke7 44. Nxg6+ fxg6 45. Rxg6 Rexb4 46. Rxh6 {Wenn Weiss jetzt Zeit für Tff6 hätte...} d5 {[%cal Bd6d5,Bd5d4,Bd4d3][%mdl 32]} 47. h4 (47. Rf5 {war angesagt.} Kd6 48. Rff6) 47... d4 {Schwarz steht klar auf Gewinn.} 48. h5 (48. Rf5 $142 R7b5 49. Rh7+ Kd6 50. Rff7) 48... e4 49. Ra3 d3 50. Ra6 R4b6 51. Rh7+ Kf6 52. Rxb7 Rxb7 53. Kh2 {Precision: Weiß = 45%, Schwarz = 84%.} 0-1

[Event "11th Mumbai Mayors Cup 2018"]
[Site "Mumbai"]
[Date "2018.06.05"]
[Round "4"]
[White "Tran, Minh Thang"]
[Black "Rohit, Singh Rana"]
[Result "1-0"]
[WhiteElo "2383"]
[BlackElo "2102"]
[Annotator "TA"]
[PlyCount "94"]
[EventDate "2018.??.??"]
[EventType "swiss"]
[EventCountry "IND"]
[SourceTitle "playchess.com"]
[Source "ChessBase"]
[SourceQuality "1"]

{[%evp 18,94,22,23,49,56,51,58,63,65,97,73,97,77,67,35,202,222,296,305,302,306,312,304,311,314,312,306,303,312,311,309,298,305,314,299,293,272,267,266,241,254,275,263,273,273,321,272,325,290,299,287,393,391,606,605,604,597,589,529,519,510,500,498,513,503,588,570,606,591,568,439,487,433,804,795,770,766,722]} 1. d4 Nf6 2. c4 e6 3. Nc3 Bb4 4. Qc2 O-O 5. e4 d6 6. Bd3 {E32: Nimzo-Indian: Classical (4 Qc2): 4...0-0} e5 7. a3 Bxc3+ 8. bxc3 Nc6 9. Ne2 Nd7 10. O-O {LiveBook: 7 Games} Nb6 $146 ({Predecessor:} 10... b6 11. f4 Ba6 12. Be3 Na5 13. Qa2 Qe8 14. Ng3 {½-½ (59) Martinovici,I (2338)-Aczel,G (2573) Alba Iulia 2017}) 11. f4 Na5 12. fxe5 dxe5 13. c5 Nd7 14. Be3 b6 15. Ng3 $36 {[%cal Be2g3,Bg3f5,Bf5e7][%mdl 2080] White is really pushing.} bxc5 16. dxc5 Qe7 $2 (16... Nb8 $14) 17. Nf5 $18 Qe6 {[#]} 18. Qa4 $1 {[%cal Ra4a5]} Nb3 19. Bc4 Nbxc5 20. Bxc5 (20. Bxe6 Nxa4 21. Bd5 Rb8 $16) 20... Nxc5 21. Bxe6 Nxa4 22. Ne7+ Kh8 23. Bxc8 Nxc3 24. Ba6 Nxe4 25. Rac1 c5 26. Rfe1 Rae8 27. Nf5 ({Much less strong is} 27. Rxe4 $6 Rxe7 28. Rxc5 f6 $18) 27... g6 28. Rxe4 gxf5 29. Rec4 Re6 30. Bb5 ({Not} 30. Rxc5 Rxa6 31. Rxe5 Rxa3 $11) 30... Re7 31. Rxc5 f6 32. a4 {[%cal Ba3a4,Ba4a5,Ba5a6][%mdl 32]} f4 33. a5 Kg7 34. a6 e4 35. Rf5 Re5 (35... Rb8 $142 36. Kf2 Kg6) 36. Rc7+ {White is clearly winning.} Rf7 37. Rxf7+ Kxf7 {[%mdl 4096] Endgame KRB-KR} 38. Bc4+ Kg6 39. Rxf4 f5 40. Rf2 Rc5 41. Rc2 Kg5 42. g3 Kf6 43. Kf2 Ke5 44. Ke3 Rc6 45. Bd3 Rd6 (45... Rb6 $142 46. Rc5+ Kd6) 46. Rc5+ Kf6 47. Be2 Rd7 {Precision: White = 94%, Black = 45%.} 1-0